Flushing out the cistern - the transfer of private sewers (Record no. 83638)
[ view plain ]
| 000 -LEADER | |
|---|---|
| fixed length control field | 01224cab a22001935a 4500 |
| 001 - CONTROL NUMBER | |
| control field | L154470 |
| 008 - FIXED-LENGTH DATA ELEMENTS--GENERAL INFORMATION | |
| fixed length control field | 111212s2011 xxk 000 0 eng d |
| 035 ## - SYSTEM CONTROL NUMBER | |
| System control number | (Sirsi) u154470 |
| 041 0# - LANGUAGE CODE | |
| Language code of text/sound track or separate title | eng |
| 100 1# - MAIN ENTRY--PERSONAL NAME | |
| Personal name | Cloke, Heather |
| 245 00 - TITLE STATEMENT | |
| Title | Flushing out the cistern - the transfer of private sewers |
| 260 ## - PUBLICATION, DISTRIBUTION, ETC. | |
| Date of publication, distribution, etc. | 2011 |
| 490 #0 - SERIES STATEMENT | |
| Series statement | Hogan Lovells Real Estate Quarterly |
| Volume/sequential designation | Autumn 2011, 4-5(2) |
| 520 ## - SUMMARY, ETC. | |
| Summary, etc. | Explores the impact of measures coming into effect on 1 October 2011 which allow the transfer of all existing private sewers and lateral drains in England and Wales to the regulated sewerage companies, regulations which are the culmination of government work to improve the sewerage system in England and Wales. Covers their background and aims, what the regulations cover, the issue of curtilage, the transfer date and method of transfer, and the appeals system. Discusses further whether adoption agreements are still necessary, and the impact on the regulated sewerage companies. |
| 650 24 - SUBJECT ADDED ENTRY--TOPICAL TERM | |
| Topical term or geographic name entry element | WATER INDUSTRY (SCHEMES FOR ADOPTON OF PRIVATE SEWERS) REGULATIONS 2011 |
| 651 #4 - SUBJECT ADDED ENTRY--GEOGRAPHIC NAME | |
| Geographic name | England and Wales |
| Chronological subdivision | 1543- |
| 690 ## - LOCAL SUBJECT ADDED ENTRY--TOPICAL TERM (OCLC, RLIN) | |
| Topical term or geographic name as entry element | ENVIRONMENTAL AND LAND CONSULTANCY-WASTE MANAGEMENT-SEWERAGE REMOVAL AND TREATMENT |
| 942 ## - ADDED ENTRY ELEMENTS (KOHA) | |
| Suppress in OPAC | 0 |
| Withdrawn status | Lost status | Source of classification or shelving scheme | Damaged status | Not for loan | Home library | Current library | Shelving location | Date acquired | Total Checkouts | Full call number | Barcode | Date last seen | Copy number | Price effective from | Koha item type |
|---|---|---|---|---|---|---|---|---|---|---|---|---|---|---|---|
| Dewey Decimal Classification | London | London | Journal article | 12/12/2011 | L154470 | 154470-1001 | 06/08/2019 | 1 | 06/08/2019 | Journal article |